| 000 | 00831nam a22002777a 4500 | ||
|---|---|---|---|
| 001 | 0068883 | ||
| 003 | KOHA_MİRAKIL | ||
| 005 | 20260207004823.0 | ||
| 007 | ta | ||
| 008 | 230508b1997 tu |||grd|||#0|||1|tur | | ||
| 040 |
_aTR-BiSEU _btur _cTR-BiSEU _erda |
||
| 041 | 0 | _atur | |
| 044 | _ctu | ||
| 050 |
_aPG2121 _b.N67 1997 |
||
| 100 | 1 | _aNorman, Peter. | |
| 245 | 1 |
_a50 derste Rusça/ _cPeter Norman ; Peter Norman, Natalia Norman; çeviren Ataol Behramoğlu. |
|
| 264 | 1 |
_aİstanbul : _bSosyal Yayınlar _c1997 |
|
| 300 | _a433 sayfa; 20 cm. | ||
| 336 |
_ametin _btxt _2rdacontent |
||
| 337 |
_aaracısız _bn _2rdamedia |
||
| 338 |
_acilt _bnc _2rdacarrier |
||
| 650 | 0 |
_aRusça eğitimi--Rusça gramer. _9133174 |
|
| 650 | 0 |
_aRussian education--Russian grammar. _9133175 |
|
| 907 | _aSözlük | ||
| 942 |
_2lcc _cBK |
||
| 999 |
_c69631 _d69631 |
||